| 000 | 00829nam a2200229 a 4500 | ||
|---|---|---|---|
| 005 | 20210223130551.0 | ||
| 008 | 080730s1980 mx r 000 0 spa d | ||
| 035 | _aUPN01000158470 | ||
| 049 | _aUNE | ||
| 080 | _a373.3 (540) =20 MIN No.46. | ||
| 245 | 0 | 0 |
_aMinimun learning continuum : _bfurther information on India's comprehensive approach to primary education project. |
| 260 |
_aParís : _bUNESCO ; _aNew York : _bUNICEF, _c1980. |
||
| 300 |
_a32 p. : _bfot. |
||
| 440 | 0 |
_aNotes, Comments ... ; _v46. |
|
| 690 | _aEnseñanza primaria - Métodos de enseñanza - India | ||
| 690 | _aCurrículo de enseñanza primaria - India | ||
| 690 | _aIndia - Enseñanza primaria - Proyectos educacionales | ||
| 710 | 2 | _aUNESCO | |
| 710 | 2 |
_aUNICEF _924085 |
|
| 710 | 2 |
_aWFP. _bPrograma de Alimentación Mundial. |
|
| 905 | _aUNESCO | ||
| 999 |
_c130584 _d130584 |
||